000 01606cam a2200157 4500500
005 20260111122324.0
041 _afre
042 _adc
100 1 0 _aHamel, Tewfik
_eauthor
245 0 0 _aAveuglement - « Guerre à la drogue » : oubli du « plus dangereux »
260 _c2025.
500 _a91
520 _aLa révolution numérique redéfinit les fondements de la puissance et de la sécurité internationale. L’irruption de technologies disruptives – intelligence artificielle, informatique quantique, cybersécurité – brouille les frontières entre civil et militaire, paix et guerre, acteurs étatiques et non étatiques. Ces mutations engendrent de nouvelles vulnérabilités systémiques : dépendances technologiques, menaces hybrides, campagnes de désinformation, sabotages des infrastructures critiques. L’article analyse cette recomposition stratégique à travers quatre axes : diffusion horizontale des capacités numériques, enjeux de souveraineté technologique, montée en puissance des menaces hybrides, et émergence d’une cyber-puissance aux contours encore instables. En interrogeant les doctrines de cybersécurité et les dynamiques géopolitiques qui structurent le cyberespace, il met en lumière la nécessité d’un cadre conceptuel et normatif renouvelé, articulant résilience organisationnelle, coopération internationale et anticipation technologique.
786 0 _nSécurité globale | 44 | 4 | 2025-12-10 | p. 27-42 | 1959-6782
856 4 1 _uhttps://shs.cairn.info/revue-securite-globale-2025-4-page-27?lang=fr&redirect-ssocas=7080
999 _c1634359
_d1634359